00703nam a22002057a 450000500170000001000140001702000260003103500130005703700130007008200080008310000240009124500820011526000310019727000470022830000290027565000210030494200220032599900170034795201330036420100810151726.0 aENG-99410 a9788170288527c450.00 aEN-82942 bDBAD/PUB a921 aGarg, Chitra910314 aIndian champions :bprofiles of famous Indian sportspersons /cby Chitra Garg aDelhibRajpal & Sonsc2010 aMadarsa Road, Kashmere GatebDelhie110006 a378p.c22cm (Hb)ephotos aBiography910315 2ddccENh921mGAR c40732d40732 001040718NFICaDBADbDBADd2010-08-10eDBAD/PUBg450.00l0o921 GARpEN-82942r2010-08-10 00:00:00t1v450.00w2010-08-10yEN